El psicodrama en el niño / (Record no. 134591)

MARC details
000 -LEADER
campo de control de longitud fija 00723nam a22002411 4500
001 - NÚMERO DE CONTROL
campo de control 134591
003 - IDENTIFICADOR DE NÚMERO DE CONTROL
campo de control ES-MaACL
005 - FECHA Y HORA DE LA ÚLTIMA TRANSACCIÓN
campo de control 20230906194715.0
007 - CAMPO FIJO DE DESCRIPCIÓN FÍSICA--INFORMACIÓN GENERAL
campo de control de longitud fija t|
008 - DATOS DE LONGITUD FIJA--INFORMACIÓN GENERAL
campo de control de longitud fija 070912s1969 sp ||||0| spa d
016 7# - NÚMERO DE CONTROL DE UNA AGENCIA BIBLIOGRÁFICA NACIONAL
Número de control cancelado/no válido IND2000944702
040 ## - FUENTE DE CATALOGACIÓN
Centro catalogador/agencia de origen M-BN
Lengua de catalogación spa
Centro/agencia transcriptor CDM
080 ## - NÚMERO DE LA CLASIFICACIÓN DECIMAL UNIVERSAL
Número de la Clasificación Decimal Universal 159.923.3-053.2:792
100 1# - ENTRADA PRINCIPAL--NOMBRE DE PERSONA
Nombre de persona Widlöcher, Daniel.
9 (RLIN) 116747
245 13 - MENCIÓN DEL TÍTULO
Título El psicodrama en el niño /
Mención de responsabilidad, etc. Daniel Widloecher ; [traducción del francés por Fabián Pérez Jiménez].
250 ## - MENCION DE EDICION
Mención de edición 1ª ed.
260 ## - PUBLICACIÓN, DISTRIBUCIÓN, ETC.
Lugar de publicación, distribución, etc. Barcelona :
Nombre del editor, distribuidor, etc. Luis Miracle,
Fecha de publicación, distribución, etc. 1969.
300 ## - DESCRIPCIÓN FÍSICA
Extensión 172 p. ;
Dimensiones 19 cm.
650 14 - PUNTO DE ACCESO ADICIONAL DE MATERIA--TÉRMINO DE MATERIA
Término de materia o nombre geográfico como elemento de entrada Psicodrama.
9 (RLIN) 16538
700 1# - ENTRADA AGREGADA--NOMBRE PERSONAL
Nombre de persona Pérez Jiménez, Fabián.
9 (RLIN) 90952
852 ## - LOCALIZACIÓN
Ubicación ES-MaACL
Número de control de estantería C-50312
Sublocalización o colección R.71448
Holdings
Estatus retirado Estado de pérdida Estado de daño No para préstamo Biblioteca de origen Biblioteca actual Ubicación en estantería Fecha de adquisición Fuente de adquisición Total de préstamos Signatura topográfica completa Código de barras Visto por última vez Precio de reemplazo Tipo de ítem Koha
        Biblioteca del Ateneo de Madrid Biblioteca del Ateneo de Madrid Depósito 2 17/01/2008     C-50312 1140092 23/02/2023 23/02/2023 Libro impreso